00907pam a2200265 a 4500999001900000001000800019003000500027005001700032008004100049010001700090020001500107040001800122050002300140082001600163100003100179245007200210260005300282300003600335500000800371504005100379650004700430906004500477942001800522952010100540 c330200d3302001636293NUST20170613124946.0960813s1997 njua b 001 0 eng  a 96038434  a013673104X aDLCcDLCdDLC00aQD453.2b.D94 199700a574 DYK2201 aDykstra, Clifford E.9255510aPhysical chemistry :ba modern introduction /cClifford E. Dykstra. aUpper Saddle River, NJ :bPrentice Hall,cc1997. axviii, 652 p. :bill. ;c25 cm. aH.B aIncludes bibliographical references and index. 0aChemistry, Physical and theoretical.91241 a7bcbccorignewd1eocipf19gy-gencatlg 2ddccBKkIESE 00102ddc40708NFICaCLbCLcGENd2017-06-13l0o574 DYKpIESE-574r2017-06-13w2017-06-13yBK